[Event "7. Lichtenberger Sommer"]
[Site "Berlin"]
[Date "2008.08.21"]
[Round "6.24"]
[White "Kollberg, Lothar"]
[Black "Keusch, Horst"]
[Result "1-0"]
[WhiteElo "2253"]
[BlackElo "1925"]
[PlyCount "103"]
[EventDate "2008.??.??"]
[WhiteTeam "SC Rotation Pankow e.V."]
[BlackTeam "SC Friesen Lichtenberg e.V."]

1. d4 e6 2. c4 f5 3. g3 Nf6 4. Bg2 d5 5. Nf3 c6 6. O-O Bd6 7. b3 O-O 8. Bf4
Bxf4 9. gxf4 Bd7 10. e3 Be8 11. Ne5 Bh5 12. Bf3 Qe8 13. Bxh5 Qxh5 14. Qxh5 Nxh5
15. Nd2 Nf6 16. Rfc1 Nbd7 17. Nd3 Kf7 18. b4 a6 19. a4 Ne4 20. Nf3 Ke7 21. Kf1
Nb6 22. c5 Nc4 23. Ke2 Rg8 24. Nde5 Nxe5 25. Nxe5 g6 26. f3 Nf6 27. Rg1 Nd7 28.
Nd3 Rgb8 29. Rab1 Rg8 30. h4 Nf6 31. Rgc1 Nd7 32. Rc2 Rgc8 33. Kd2 b5 34. Ra2
bxa4 35. Rxa4 Kd8 36. Rba1 Nb8 37. Ne5 Kc7 38. Ke2 Kb7 39. h5 Rg8 40. hxg6 hxg6
41. Rh1 Rg7 42. Rh8 g5 43. fxg5 Rxg5 44. Rh7+ Kc8 45. Kf2 Rg8 46. Ra1 Re8 47.
Nf7 Rg8 48. Nd6+ Kd8 49. Nb7+ Ke8 50. Na5 Kd8 51. Rah1 Re8 52. Nb7+ 1-0

[Event "7. Lichtenberger Sommer"]
[Site "Berlin"]
[Date "2008.08.21"]
[Round "6.25"]
[White "Püschel, Werner"]
[Black "Richter, Götz"]
[Result "1-0"]
[WhiteElo "2189"]
[BlackElo "1997"]
[PlyCount "83"]
[EventDate "2008.??.??"]
[WhiteTeam "SG Lasker Steglitz-Wilmersdorf"]
[BlackTeam "Klub Kölner Schachfreunde e.V. 1"]

1. e4 c5 2. Nf3 Nc6 3. Bb5 e6 4. Bxc6 bxc6 5. d3 d6 6. O-O e5 7. c3 Ne7 8. d4
cxd4 9. cxd4 Ng6 10. dxe5 dxe5 11. Qxd8+ Kxd8 12. Be3 a5 13. Rc1 Ra6 14. Nc3 a4
15. Ng5 Ke8 16. Nd5 cxd5 17. Rxc8+ Kd7 18. Rac1 Bd6 19. Rxh8 Nxh8 20. exd5 h6
21. Ne4 Ng6 22. Nc5+ Bxc5 23. Bxc5 Nf4 24. Rd1 h5 25. g3 Ng6 26. Rd3 Ra5 27.
Bb4 Rb5 28. Ba3 Ne7 29. d6 Nd5 30. h4 Nb4 31. Rc3 Nc6 32. Rc4 Ra5 33. f4 f6 34.
fxe5 fxe5 35. Kf2 Ra6 36. Ke3 Ke6 37. Ke4 Nb8 38. Rc8 Nd7 39. Re8+ Kf6 40. Re7
Ra7 41. Kd5 Kf5 42. Kc6 1-0

[Event "7. Lichtenberger Sommer"]
[Site "Berlin"]
[Date "2008.08.21"]
[Round "6.26"]
[White "Buttkus, Andre"]
[Black "Lichey, Dustin"]
[Result "1-0"]
[WhiteElo "2050"]
[BlackElo "1861"]
[PlyCount "49"]
[EventDate "2008.??.??"]
[WhiteTeam "SK Tempelhof 1931 e.V."]
[BlackTeam "1. Schachclub Anhalt"]

1. d4 Nf6 2. c4 c5 3. e3 e6 4. Nc3 d5 5. Nf3 b6 6. cxd5 Nxd5 7. Bb5+ Bd7 8. Bd3
Nc6 9. O-O Be7 10. a3 cxd4 11. exd4 O-O 12. Bc2 Bf6 13. Ne4 Nce7 14. Nxf6+ Nxf6
15. Bg5 Ned5 16. Ne5 Bb5 17. Re1 Qd6 18. Qf3 Rac8 19. Rac1 Rc7 20. Bb1 Rfc8 21.
Rxc7 Rxc7 22. Qh3 Qf8 23. Ng4 h5 24. Bxf6 Nxf6 25. Nxf6+ 1-0

[Event "7. Lichtenberger Sommer"]
[Site "Berlin"]
[Date "2008.08.21"]
[Round "6.27"]
[White "Muskewitz, Bernd"]
[Black "Friedrich, Wiede"]
[Result "1/2-1/2"]
[WhiteElo "2030"]
[BlackElo "2044"]
[PlyCount "80"]
[EventDate "2008.??.??"]
[WhiteTeam "TSG Oberschöneweide e.V."]
[BlackTeam "USV Potsdam e.V., Abt. Schach"]

1. d4 Nf6 2. g3 e6 3. Bg2 c5 4. e3 Nc6 5. Ne2 d5 6. O-O b6 7. c4 Bb7 8. cxd5
exd5 9. Nbc3 cxd4 10. Nxd4 Bb4 11. Nxc6 Bxc6 12. Bd2 O-O 13. Rc1 Rc8 14. Qb3
Bc5 15. Na4 Ne4 16. Bb4 Bb5 17. Rfd1 Qf6 18. Bxe4 Bxa4 19. Qxa4 dxe4 20. Bxc5
Rxc5 21. Rxc5 bxc5 22. b3 Rd8 23. Rxd8+ Qxd8 24. Qxe4 g6 25. Qe5 Qd1+ 26. Kg2
Qc2 27. Qe8+ Kg7 28. Qa4 a5 29. a3 h5 30. Qc4 Qf5 31. Qc3+ Kg8 32. f3 Qg5 33.
h4 Qd5 34. Qc2 Qe5 35. Qd2 Qa1 36. Qxa5 Qb2+ 37. Kg1 Qxb3 38. Qxc5 Qd1+ 39. Kf2
Qd2+ 40. Kf1 Qd1+ 1/2-1/2

[Event "7. Lichtenberger Sommer"]
[Site "Berlin"]
[Date "2008.08.21"]
[Round "6.28"]
[White "Schink, Barbara"]
[Black "Dreke, Frank"]
[Result "1/2-1/2"]
[WhiteElo "2046"]
[BlackElo "2037"]
[PlyCount "51"]
[EventDate "2008.??.??"]
[WhiteTeam "Strassenbahn Graz"]
[BlackTeam "Treptower SV 1949 e.V."]

1. e4 Nf6 2. e5 Nd5 3. d4 d6 4. c4 Nb6 5. f4 dxe5 6. fxe5 c5 7. d5 e6 8. Nc3
exd5 9. cxd5 c4 10. d6 Nc6 11. Bf4 g5 12. Bg3 Bg7 13. Qd2 Nxe5 14. O-O-O O-O
15. h4 Bf5 16. hxg5 Rc8 17. Bxe5 Bxe5 18. Nf3 Bg7 19. Qf4 Rc5 20. g3 Bxc3 21.
bxc3 Rb5 22. Nd4 Rb1+ 23. Kd2 Rb2+ 24. Kc1 Rb1+ 25. Kd2 Rb2+ 26. Kc1 1/2-1/2

[Event "7. Lichtenberger Sommer"]
[Site "Berlin"]
[Date "2008.08.21"]
[Round "6.29"]
[White "Van Asseldonk, Paul"]
[Black "Segerberg, Tomas"]
[Result "1/2-1/2"]
[WhiteElo "2101"]
[BlackElo "1845"]
[PlyCount "99"]
[EventDate "2008.??.??"]
[WhiteTeam "HSC Helmond"]
[BlackTeam "SG Narva Berlin e.V."]

1. e4 e6 2. d4 d5 3. Nd2 c5 4. exd5 exd5 5. Ngf3 Nf6 6. dxc5 Bxc5 7. Nb3 Bd6 8.
Be2 O-O 9. O-O Qc7 10. h3 Be6 11. c3 Nc6 12. Be3 Rfe8 13. Re1 a6 14. Bf1 Rad8
15. Nbd4 Bc8 16. Qc2 h6 17. Rad1 Ne4 18. Nxc6 bxc6 19. Qa4 a5 20. a3 Bd7 21.
Qc2 Rb8 22. b4 Ra8 23. Nd2 Bf5 24. Nxe4 Bxe4 25. Qd2 axb4 26. axb4 Bh2+ 27. Kh1
Be5 28. Ra1 Rxa1 29. Rxa1 Qd7 30. f3 Bf6 31. Bf4 Bg6 32. Re1 Rxe1 33. Qxe1 Qe6
34. Bg3 Qxe1 35. Bxe1 Bc2 36. Kg1 Ba4 37. Kf2 Bb5 38. Bxb5 cxb5 39. Ke3 Kf8 40.
Kd3 g6 41. Bf2 Ke7 42. f4 h5 43. g4 hxg4 44. hxg4 Ke6 45. Bd4 Bd8 46. Ke3 Bc7
47. Bc5 Bb8 48. Bb6 Bd6 49. Bd4 Bb8 50. Bb6 1/2-1/2

[Event "7. Lichtenberger Sommer"]
[Site "Berlin"]
[Date "2008.08.21"]
[Round "6.30"]
[White "Merz, Rüdiger"]
[Black "Hahlbohm, Matthias"]
[Result "0-1"]
[WhiteElo "1904"]
[BlackElo "2085"]
[PlyCount "86"]
[EventDate "2008.??.??"]
[WhiteTeam "SK Zehlendorf e.V."]
[BlackTeam "TSG Oberschöneweide e.V."]

1. e4 c5 2. Nf3 d6 3. d4 cxd4 4. Nxd4 Nf6 5. f3 e6 6. c4 Be7 7. Nc3 Nc6 8. Be3
a6 9. Qd2 Qc7 10. Be2 O-O 11. O-O b6 12. Rac1 Bb7 13. Rfd1 Ne5 14. b4 Rac8 15.
Na4 Ned7 16. Nb3 Bc6 17. Nb2 Bb7 18. Na4 Rb8 19. c5 dxc5 20. bxc5 b5 21. Nb2
Bc6 22. Nd3 Ra8 23. Na5 Rfd8 24. Qc3 Nb8 25. Bf4 Qc8 26. Nb4 Rxd1+ 27. Rxd1 Be8
28. Bd6 Bd8 29. Nb3 Nc6 30. Nd3 Qb7 31. Nf4 h6 32. e5 Nd7 33. Bd3 Rc8 34. Qe1
Ne7 35. Kh1 Nf8 36. Qg3 Nf5 37. Qf2 a5 38. Nd4 Bh4 39. Qb2 Nxd4 40. Qxd4 Be7
41. Qb2 Bc6 42. Bxe7 Qxe7 43. Qf2 Nd7 0-1

[Event "7. Lichtenberger Sommer"]
[Site "Berlin"]
[Date "2008.08.21"]
[Round "6.31"]
[White "Reiche, Henry"]
[Black "Koch, Friedrich"]
[Result "1-0"]
[WhiteElo "2015"]
[BlackElo "2063"]
[PlyCount "101"]
[EventDate "2008.??.??"]
[WhiteTeam "SV Berolina Mitte e.V."]
[BlackTeam "SV Empor Berlin e.V."]

1. e4 e5 2. Nf3 Nc6 3. Bb5 a6 4. Ba4 Nf6 5. O-O Nxe4 6. d4 b5 7. Bb3 d5 8. dxe5
Be6 9. c3 Be7 10. Nbd2 Nc5 11. Bc2 Bg4 12. h3 Bh5 13. Re1 O-O 14. g4 Bg6 15.
Nb3 Ne6 16. Nbd4 Ncxd4 17. Nxd4 Bxc2 18. Qxc2 Qd7 19. Nf5 Rad8 20. Be3 Bc5 21.
Bxc5 Nxc5 22. Rad1 g6 23. Rxd5 Qe6 24. Rxc5 gxf5 25. Qxf5 Qh6 26. Qf3 Rd2 27.
Rc6 Qg5 28. Rf6 Kg7 29. Rf5 Qe7 30. Re2 Rfd8 31. Kf1 R2d3 32. Re3 Rd1+ 33. Kg2
Rb1 34. Rd3 Re8 35. Qe2 Qe6 36. Rdf3 Re7 37. Rf6 Qxa2 38. Qc2 Rxb2 39. Qf5 Qd5
40. Qg5+ Kh8 41. Qh6 Kg8 42. R6f5 Re6 43. Qg5+ Rg6 44. Qe7 Rxf2+ 45. Kxf2 Qd2+
46. Kf1 Qd1+ 47. Kg2 Qe2+ 48. Rf2 Qe4+ 49. R5f3 Kh8 50. Qf8+ Rg8 51. Qxf7 1-0

[Event "7. Lichtenberger Sommer"]
[Site "Berlin"]
[Date "2008.08.21"]
[Round "6.32"]
[White "Exler, Veronika"]
[Black "Baranowsky, Peter"]
[Result "1-0"]
[WhiteElo "2011"]
[BlackElo "1836"]
[PlyCount "107"]
[EventDate "2008.??.??"]
[WhiteTeam "SC Donaustadt Wien"]
[BlackTeam "BA Tempelhof"]

1. e4 e6 2. d4 d5 3. Bd3 c5 4. exd5 exd5 5. Qe2+ Qe7 6. dxc5 Qxe2+ 7. Nxe2 Bxc5
8. Nd2 Ne7 9. Nb3 Bb6 10. O-O O-O 11. Bg5 f6 12. Bf4 Nbc6 13. Rfe1 Nb4 14. Bd6
Nbc6 15. Nf4 Kf7 16. Bxh7 Rh8 17. Bxe7 Rxh7 18. Nxd5 Be6 19. Nxb6 axb6 20. Bd6
Rh5 21. Re3 Rd5 22. Ba3 Rad8 23. Rae1 Bf5 24. c3 R8d7 25. h3 Rd1 26. g4 Bb1 27.
Nd4 Nxd4 28. cxd4 R7xd4 29. Re7+ Kg8 30. Rxd1 Rxd1+ 31. Kh2 Bxa2 32. Rxb7 Bd5
33. Rxb6 Rd2 34. Bc5 Rc2 35. b4 Rb2 36. Rb8+ Kh7 37. b5 Rb3 38. b6 Rb1 39. Rd8
Bc6 40. Rd6 Be4 41. Re6 Bd5 42. Re7 Kg8 43. Kg3 g5 44. f3 Rb3 45. Re3 Rb5 46.
Bd4 Kf7 47. h4 gxh4+ 48. Kxh4 Rb1 49. Rc3 Rh1+ 50. Kg3 Rb1 51. Rc5 Ba8 52. Rf5
Rb3 53. Rxf6+ Ke7 54. g5 1-0

[Event "7. Lichtenberger Sommer"]
[Site "Berlin"]
[Date "2008.08.21"]
[Round "6.33"]
[White "Knopf, Roland"]
[Black "Hünerfauth, Uwe"]
[Result "0-1"]
[WhiteElo "1949"]
[BlackElo "2089"]
[PlyCount "60"]
[EventDate "2008.??.??"]
[WhiteTeam "SC Kreuzberg e.V."]
[BlackTeam "SK Landau"]

1. d4 Nf6 2. Bg5 c5 3. d5 Qb6 4. Nc3 g6 5. e4 d6 6. Bd2 Bg7 7. f4 O-O 8. Nf3
Bg4 9. h3 Bxf3 10. Qxf3 Nbd7 11. Rb1 a6 12. Be2 Qc7 13. a4 Kh8 14. O-O e6 15.
dxe6 fxe6 16. Bc4 Rae8 17. Qd3 Qc6 18. Ba2 Nb6 19. a5 Na4 20. Rbe1 Nxb2 21. Qe2
Na4 22. Nxa4 Qxa4 23. Bb3 Qd4+ 24. Kh2 d5 25. c3 Qxe4 26. Qf2 Qd3 27. Ba4 Ne4
28. Rxe4 dxe4 29. Bxe8 Rxe8 30. Be3 c4 0-1

[Event "7. Lichtenberger Sommer"]
[Site "Berlin"]
[Date "2008.08.21"]
[Round "6.35"]
[White "Mai, Andreas"]
[Black "Buehler, Florian"]
[Result "1/2-1/2"]
[WhiteElo "1899"]
[BlackElo "1992"]
[PlyCount "56"]
[EventDate "2008.??.??"]
[WhiteTeam "SC Friesen Lichtenberg e.V."]
[BlackTeam "Spgem Kötz/Ichenhausen"]

1. e4 c6 2. d4 d5 3. e5 Bf5 4. Nf3 e6 5. Bd3 Bxd3 6. Qxd3 Qa5+ 7. c3 Qa6 8.
Qxa6 Nxa6 9. b4 Nc7 10. Bd2 b6 11. O-O Ne7 12. a4 a6 13. Na3 b5 14. Nc2 Nc8 15.
a5 Ne7 16. Nfe1 h5 17. Nd3 Nf5 18. Rad1 Be7 19. Na1 g5 20. Nb3 O-O-O 21. Nbc5
Rdg8 22. Rde1 Rh7 23. Re2 Rhg7 24. Bc1 Nh4 25. Bd2 Nf5 26. Bc1 h4 27. f3 Rh7
28. Kf2 Rhg7 1/2-1/2

[Event "7. Lichtenberger Sommer"]
[Site "Berlin"]
[Date "2008.08.21"]
[Round "6.36"]
[White "Krannich, Sven"]
[Black "Schnitzer, Peter"]
[Result "0-1"]
[WhiteElo "1876"]
[BlackElo "2176"]
[PlyCount "66"]
[EventDate "2008.??.??"]
[WhiteTeam "USC Viadrina Frankfurt (Oder) e."]
[BlackTeam "SC Kreuzberg e.V."]

1. b4 d5 2. Bb2 Bg4 3. Nf3 e6 4. b5 Nf6 5. e3 Bd6 6. Be2 O-O 7. c4 c6 8. Nc3
Nbd7 9. a4 Qe7 10. d4 Rac8 11. c5 Bb8 12. a5 Bxf3 13. Bxf3 cxb5 14. Nxb5 b6 15.
axb6 axb6 16. cxb6 Qb4+ 17. Qd2 Qxb5 18. Be2 Qxb6 19. O-O Rc6 20. Bd3 Bd6 21.
f4 g6 22. Qe2 Rb8 23. Bc1 Ne4 24. Qf3 f5 25. g4 Rc3 26. Be2 Qc7 27. h4 Rcb3 28.
h5 Rb1 29. gxf5 exf5 30. hxg6 Rxa1 31. Qh5 Ndf6 32. Qxf5 hxg6 33. Qe6+ Kg7 0-1

[Event "7. Lichtenberger Sommer"]
[Site "Berlin"]
[Date "2008.08.21"]
[Round "6.37"]
[White "Skibbe, Willi"]
[Black "Mager, Thomas"]
[Result "1-0"]
[WhiteElo "2183"]
[BlackElo "1901"]
[PlyCount "67"]
[EventDate "2008.??.??"]
[WhiteTeam "SV 1861 Liebschwitz"]
[BlackTeam "SK 1929 Mainaschaff"]

1. d4 Nf6 2. Nf3 g6 3. Bg5 Bg7 4. Nbd2 O-O 5. e4 d6 6. h3 Nbd7 7. c3 c5 8. Bd3
a6 9. a4 b6 10. Qe2 Ne8 11. O-O Nc7 12. d5 Rb8 13. Nc4 f6 14. Bd2 Bb7 15. Ne3
b5 16. a5 e5 17. b4 c4 18. Bc2 Ne8 19. Nh2 Bc8 20. g3 Rf7 21. f4 exf4 22. gxf4
Nf8 23. Qg2 Qd7 24. Rf3 Kh8 25. Re1 Qa7 26. Kh1 Qd7 27. Rg3 Bh6 28. Neg4 Bg7
29. Nf3 Qc7 30. Nf2 Ra8 31. h4 Qe7 32. f5 Bd7 33. Nh3 Rc8 34. Nf4 1-0

[Event "7. Lichtenberger Sommer"]
[Site "Berlin"]
[Date "2008.08.21"]
[Round "6.39"]
[White "Pozzo, Sebastian C"]
[Black "Kapr, Klaus"]
[Result "1-0"]
[WhiteElo "1980"]
[BlackElo "2059"]
[PlyCount "89"]
[EventDate "2008.??.??"]
[WhiteTeam "Streatham"]
[BlackTeam "SC Friesen Lichtenberg e.V."]

1. e4 d5 2. exd5 Qxd5 3. Nc3 Qa5 4. Bc4 Nf6 5. Nf3 Bf5 6. O-O e6 7. d4 c6 8.
Re1 Bb4 9. Re5 Qc7 10. Bf4 Bd6 11. d5 O-O 12. dxe6 Bxe6 13. Rxe6 Bxf4 14. Re1
Nbd7 15. g3 Bd6 16. Qd4 Rfe8 17. Rad1 Ne5 18. Nxe5 Bxe5 19. Qd3 b5 20. Bb3 Qb6
21. Qf3 a5 22. a3 a4 23. Ba2 Qc5 24. Ne4 Qe7 25. Ng5 Nd5 26. Bxd5 cxd5 27. Rxd5
f6 28. Rxb5 Rad8 29. Qe4 g6 30. Nf3 Qf7 31. Nxe5 fxe5 32. Rxe5 Rf8 33. f4 Qa7+
34. Kh1 Qf2 35. Re7 Rf6 36. Re8+ Rxe8 37. Qxe8+ Kg7 38. Qe2 Qb6 39. c3 Qc6+ 40.
Qe4 Qb6 41. Qd4 Qc6+ 42. Kg1 Kh6 43. g4 Rd6 44. Qe3 Qd7 45. f5+ 1-0

[Event "7. Lichtenberger Sommer"]
[Site "Berlin"]
[Date "2008.08.21"]
[Round "6.40"]
[White "Grassi, Fabrizio"]
[Black "Getzuhn, Detlef"]
[Result "1/2-1/2"]
[WhiteElo "1960"]
[BlackElo "1979"]
[PlyCount "99"]
[EventDate "2008.??.??"]
[WhiteTeam "SV Berlin-Friedrichstadt"]
[BlackTeam "SV Senat"]

1. d4 Nf6 2. Bf4 d6 3. e3 g6 4. Nf3 Bg7 5. h3 O-O 6. Be2 Nbd7 7. O-O c5 8. c3
a6 9. a4 b6 10. Nbd2 Bb7 11. Bh2 Rc8 12. Rc1 Rc7 13. Qb3 Qa8 14. Rfe1 h6 15.
Bc4 Ne8 16. Nh4 d5 17. Bxc7 dxc4 18. Nxc4 Nxc7 19. Nxg6 fxg6 20. Nxb6+ Bd5 21.
Nxa8 Bxb3 22. Nxc7 a5 23. Na6 Ra8 24. Nxc5 Nxc5 25. dxc5 Rc8 26. Re2 Rxc5 27.
Ra1 Rc7 28. Rd2 Kf7 29. f4 Ke6 30. Kf2 Rc4 31. Rd8 Bxa4 32. Ra8 Bc2 33. R1xa5
Rc7 34. R5a7 Rc5 35. Ra5 Rc7 36. R8a7 Rc8 37. Ra8 Rc7 38. R8a6+ Kf7 39. Ra7 Rc8
40. Ra8 Rc7 41. Rb8 Rd7 42. Ke2 Bd1+ 43. Ke1 Bc2 44. Ra1 Be4 45. g4 Bf6 46. Rb4
Bh4+ 47. Ke2 Bd3+ 48. Kf3 Bc2 49. Rd4 Rb7 50. Rb4 1/2-1/2

[Event "7. Lichtenberger Sommer"]
[Site "Berlin"]
[Date "2008.08.21"]
[Round "6.41"]
[White "Kurzweil, Thomas"]
[Black "Müller, Johannes"]
[Result "1-0"]
[WhiteElo "1985"]
[BlackElo "1789"]
[PlyCount "109"]
[EventDate "2008.??.??"]
[WhiteTeam "Spgem Kötz/Ichenhausen"]
[BlackTeam "SC Eintracht Berlin e.V."]

1. d4 f5 2. c4 Nf6 3. Nc3 e6 4. Bg5 Be7 5. e3 O-O 6. f4 d5 7. Nf3 c6 8. Be2
Nbd7 9. c5 b6 10. b4 bxc5 11. bxc5 Qa5 12. Qd2 Ba6 13. O-O Bd8 14. Bxf6 Nxf6
15. Bxa6 Qxa6 16. Rab1 Ba5 17. Qe2 Qc8 18. Rfc1 Rf7 19. Qb2 h6 20. Ne5 Rc7 21.
Qa3 Qa6 22. Rb4 Nd7 23. Ra4 Nxe5 24. fxe5 Qd3 25. Nxd5 Qxa3 26. Rxa3 exd5 27.
Rxa5 Rb8 28. Rc2 Rb1+ 29. Kf2 Kf7 30. Ra3 Rcb7 31. Ra6 Rc7 32. Rc3 Rb2+ 33. Kf3
g5 34. h3 h5 35. g4 hxg4+ 36. hxg4 Ke6 37. gxf5+ Kxf5 38. Rb3 Rh2 39. Rb8 g4+
40. Kg3 Rh3+ 41. Kf2 Ke4 42. Rf8 Rxe3 43. e6 g3+ 44. Kg2 Rh7 45. e7 Rh2+ 46.
Kg1 Re1+ 47. Rf1 Rxf1+ 48. Kxf1 Rh8 49. Rxc6 Re8 50. Re6+ Kxd4 51. c6 Kc3 52.
c7 d4 53. Rc6+ Kd2 54. c8=Q Rxe7 55. Rc2+ 1-0

[Event "7. Lichtenberger Sommer"]
[Site "Berlin"]
[Date "2008.08.21"]
[Round "6.42"]
[White "Graudons, Karsten"]
[Black "Schlittermann, Wolfgang"]
[Result "1-0"]
[WhiteElo "1999"]
[BlackElo "1626"]
[PlyCount "165"]
[EventDate "2008.??.??"]
[WhiteTeam "USV Potsdam e.V., Abt. Schach"]
[BlackTeam "SK Gillette"]

1. e4 c5 2. Nf3 e6 3. d4 cxd4 4. Nxd4 a6 5. Bd3 Bc5 6. Be3 Qb6 7. Nb3 Bxe3 8.
fxe3 Qxe3+ 9. Qe2 Qxe2+ 10. Kxe2 Ne7 11. N1d2 d5 12. c4 O-O 13. Rac1 Nbc6 14.
Rhd1 Ne5 15. Bb1 Bd7 16. Nc5 Bc6 17. cxd5 exd5 18. Nxb7 dxe4 19. Bxe4 Bxe4 20.
Nxe4 Nf5 21. Nbd6 Ne7 22. Rc5 N7g6 23. g3 h6 24. Rf1 Ra7 25. b4 Re7 26. Kd2 Rd8
27. Kc3 Red7 28. Nc4 Nxc4 29. Rxc4 Rd3+ 30. Kc2 Re3 31. Nc3 Ne5 32. Re4 Rxe4
33. Nxe4 Rd4 34. Rf4 Rc4+ 35. Kb3 Rc1 36. Rf2 Rb1+ 37. Kc3 Nc6 38. a3 a5 39.
bxa5 Nxa5 40. Rb2 Re1 41. Nc5 Re3+ 42. Nd3 Re4 43. Rb4 Re2 44. Rb5 Nc6 45. Rb2
Re3 46. a4 Ne5 47. Rd2 Nf3 48. Ra2 Ne5 49. Kd4 Rxd3+ 50. Kxe5 Kf8 51. a5 Ke7
52. a6 f6+ 53. Ke4 Rd8 54. a7 Ra8 55. Kd5 Kd7 56. Ra6 Kc7 57. Ke6 Kb7 58. Ra2
f5 59. Kxf5 Rf8+ 60. Kg6 Ra8 61. Kxg7 h5 62. h4 Kb6 63. Ra3 Kb7 64. Kh6 Rh8+
65. Kg7 Ra8 66. Ra5 Kb6 67. Ra1 Kb7 68. Ra3 Kb6 69. Kg6 Kb7 70. Kxh5 Rh8+ 71.
Kg6 Ka8 72. h5 Rg8+ 73. Kf7 Rg5 74. h6 Rh5 75. Kg6 Rc5 76. g4 Rc6+ 77. Kh5 Rc5+
78. g5 Rc1 79. h7 Rh1+ 80. Kg6 Rh4 81. Kg7 Rh5 82. h8=Q+ Rxh8 83. Kxh8 1-0

[Event "7. Lichtenberger Sommer"]
[Site "Berlin"]
[Date "2008.08.21"]
[Round "6.43"]
[White "Berendsen, Markus"]
[Black "Radjenovic, Branko"]
[Result "1-0"]
[WhiteElo "2123"]
[BlackElo "1903"]
[PlyCount "113"]
[EventDate "2008.??.??"]
[WhiteTeam "Oberhausen Schachverein 1887 e.V"]
[BlackTeam "SK Aleksandar Matanovic"]

1. d4 Nf6 2. c4 g6 3. Nc3 Bg7 4. e4 d6 5. f3 O-O 6. Be3 Nbd7 7. Qd2 Re8 8. Nge2
e5 9. d5 a5 10. g4 Nb6 11. Ng3 Nfd7 12. O-O-O Nc5 13. h4 f6 14. h5 g5 15. Bd3
h6 16. Nf5 Nxd3+ 17. Qxd3 Bd7 18. Kb1 Bf8 19. Rc1 Nc8 20. Ne2 b6 21. b3 Na7 22.
a3 Qb8 23. Kb2 Bc8 24. Qd2 Bd7 25. Rc2 Rc8 26. Rb1 Qb7 27. Kc1 Qa6 28. Kd1 Rcb8
29. Ke1 Qc8 30. Nc1 Qe8 31. Ng3 Be7 32. Nd3 Qf8 33. Rbc1 Nc8 34. b4 axb4 35.
axb4 Ra4 36. Ra2 Rba8 37. Rca1 b5 38. Rxa4 Rxa4 39. Rxa4 bxc4 40. Nb2 Bxa4 41.
Nxa4 Qe8 42. Nc3 Nb6 43. Qa2 Qb8 44. Qa6 Kh7 45. Nf1 Nd7 46. b5 Nc5 47. Bxc5
dxc5 48. Nd2 Kg7 49. Nxc4 Qd8 50. Na5 Bd6 51. Nc6 Qd7 52. Qa8 f5 53. exf5 c4
54. Qd8 Qxd8 55. Nxd8 Bb4 56. Kd2 Kf6 57. Nc6 1-0

[Event "7. Lichtenberger Sommer"]
[Site "Berlin"]
[Date "2008.08.21"]
[Round "6.44"]
[White "Plicka, Jiri"]
[Black "Albinus, Günter"]
[Result "1/2-1/2"]
[WhiteElo "1941"]
[BlackElo "1920"]
[PlyCount "90"]
[EventDate "2008.??.??"]
[WhiteTeam "SK Libehrad Libcice"]
[BlackTeam "SG Weißensee 49 e.V."]

1. c4 Nf6 2. Nc3 e6 3. d4 d5 4. Nf3 c6 5. cxd5 exd5 6. Bg5 Be7 7. e3 Nbd7 8.
Bd3 Nf8 9. Bxf6 Bxf6 10. Qc2 Bg4 11. Be2 Nd7 12. O-O O-O 13. Rfc1 Be7 14. Rab1
a5 15. a3 Bd6 16. h3 Bh5 17. Nh2 Bxe2 18. Qxe2 a4 19. Nf3 Qe7 20. Qd1 Nb6 21.
Ne1 f5 22. g3 g5 23. Nd3 Bxg3 24. fxg3 Qxe3+ 25. Kg2 Qxd4 26. Nf2 Qf6 27. Qh5
Nc4 28. Re1 Ne5 29. Rbd1 Nc4 30. Re2 d4 31. Rde1 dxc3 32. Re7 Rf7 33. R1e6 Qxe7
34. Rxe7 Rxe7 35. bxc3 Rg7 36. Qe2 Nxa3 37. Qa2+ Rf7 38. Qxa3 b5 39. Qd6 a3 40.
Qxc6 Raa7 41. Qe8+ Kg7 42. Qe5+ Kg8 43. Qe8+ Kg7 44. Qe5+ Kg8 45. Qe8+ Kg7
1/2-1/2

[Event "7. Lichtenberger Sommer"]
[Site "Berlin"]
[Date "2008.08.21"]
[Round "6.45"]
[White "Jaeger, Andre"]
[Black "Kapp, Frank"]
[Result "1-0"]
[WhiteElo "2019"]
[BlackElo "1748"]
[PlyCount "129"]
[EventDate "2008.??.??"]
[WhiteTeam "SC Rochade e.V."]
[BlackTeam "TSV IFA Chemnitz"]

1. d4 e6 2. c4 f5 3. e3 Nf6 4. Bd3 Be7 5. Nc3 c6 6. Nf3 d5 7. O-O O-O 8. a3 Ne4
9. Nd2 Nd7 10. Qc2 Ndf6 11. f3 Nxc3 12. bxc3 Qc7 13. a4 Bd6 14. f4 Ne4 15. Nf3
b6 16. Ba3 Bxa3 17. Rxa3 Nd6 18. cxd5 cxd5 19. Ne5 Nf7 20. Nxf7 Rxf7 21. Rc1
Bb7 22. c4 dxc4 23. Bxc4 Qd6 24. Rc3 Be4 25. Qa2 Bd5 26. Bxd5 Qxd5 27. Qxd5
exd5 28. Rc6 Rd8 29. a5 bxa5 30. Ra6 Rfd7 31. Rxa5 Kf7 32. Rca1 Ra8 33. Ra6 Ke7
34. Kf2 g6 35. Kf3 Kf7 36. h3 Kg7 37. g4 fxg4+ 38. hxg4 Kg8 39. R1a5 Kg7 40. g5
Kg8 41. Kg4 Kg7 42. f5 gxf5+ 43. Kxf5 Rf7+ 44. Ke5 Re8+ 45. Re6 Rxe6+ 46. Kxe6
Rf3 47. Rxa7+ Kg6 48. Ra3 Kxg5 49. Kxd5 h5 50. Ke4 Kg4 51. Ra8 Rf7 52. Rg8+ Kh3
53. d5 h4 54. d6 Kh2 55. Ke5 h3 56. e4 Kh1 57. Ke6 Rf4 58. e5 h2 59. Rh8 Kg2
60. d7 Rd4 61. Ke7 Re4 62. e6 Re3 63. d8=Q Rh3 64. Qd2+ Kg3 65. Qe3+ 1-0

[Event "7. Lichtenberger Sommer"]
[Site "Berlin"]
[Date "2008.08.21"]
[Round "6.46"]
[White "Wirp, Hans-Werner"]
[Black "Paul, Reinhart"]
[Result "0-1"]
[WhiteElo "1709"]
[BlackElo "2155"]
[PlyCount "70"]
[EventDate "2008.??.??"]
[WhiteTeam "SK Oschersleben 1948"]
[BlackTeam "CFC Hertha 06 e.V."]

1. d4 Nf6 2. Nc3 g6 3. e4 d6 4. Be2 Bg7 5. f4 e6 6. g4 d5 7. e5 Ne4 8. Nxe4
dxe4 9. h4 Nd7 10. h5 Nb6 11. g5 Bd7 12. c4 Bc6 13. Be3 Qe7 14. Qd2 O-O-O 15.
O-O-O h6 16. gxh6 Bxh6 17. Nh3 gxh5 18. Ng5 f6 19. exf6 Qxf6 20. Rxh5 Bg7 21.
Rdh1 Rxh5 22. Rxh5 Kb8 23. Qc2 Qg6 24. Rh7 Bxd4 25. Bxd4 Rxd4 26. Rh8+ Nc8 27.
Bg4 Bd7 28. Rd8 Qf6 29. Qc3 Qxf4+ 30. Kb1 Qf1+ 31. Qc1 Qd3+ 32. Qc2 Qxc2+ 33.
Kxc2 Ba4+ 34. b3 Rxd8 35. bxa4 Rg8 0-1

[Event "7. Lichtenberger Sommer"]
[Site "Berlin"]
[Date "2008.08.21"]
[Round "6.47"]
[White "Schüler, Wolfgang"]
[Black "Bockelmann, Rolf"]
[Result "1-0"]
[WhiteElo "2061"]
[BlackElo "1796"]
[PlyCount "87"]
[EventDate "2008.??.??"]
[WhiteTeam "SC Friesen Lichtenberg e.V."]
[BlackTeam "SG Lasker Steglitz-Wilmersdorf"]

1. e4 e5 2. Nf3 Nc6 3. Bb5 f5 4. Nc3 fxe4 5. Nxe4 d5 6. Nxe5 dxe4 7. Nxc6 Qd5
8. c4 Qd6 9. Qh5+ g6 10. Qe5+ Kf7 11. c5 Qxe5 12. Nxe5+ Ke7 13. d4 Nf6 14. Bg5
Bg7 15. O-O-O c6 16. Bc4 Be6 17. Rhe1 Bd5 18. f3 Bxc4 19. Nxc4 Ke6 20. fxe4
Rad8 21. d5+ cxd5 22. exd5+ Kf7 23. d6 Rhe8 24. Na5 Rd7 25. Nc4 Ne4 26. Be3 Kf8
27. Kc2 Rc8 28. b4 b5 29. Kd3 Nc3 30. Bd4 Nxd1 31. Bxg7+ Rxg7 32. Rxd1 bxc4+
33. Kxc4 Ke8 34. b5 Rf7 35. Rd4 Kd8 36. c6 Rf5 37. a4 g5 38. Re4 Rf4 39. Kd5
Rxe4 40. Kxe4 Ra8 41. Kf5 Ke8 42. Ke6 h6 43. d7+ Kd8 44. Kd6 1-0

[Event "7. Lichtenberger Sommer"]
[Site "Berlin"]
[Date "2008.08.21"]
[Round "6.48"]
[White "Vollbrecht, Lars"]
[Black "Pichler, Klaus"]
[Result "1-0"]
[WhiteElo "1709"]
[BlackElo "1871"]
[PlyCount "45"]
[EventDate "2008.??.??"]
[WhiteTeam "SF Siemensstadt"]

1. e4 d5 2. exd5 Qxd5 3. Nc3 Qd6 4. Nf3 Nf6 5. h3 Bf5 6. Bc4 e6 7. d3 c6 8. O-O
Be7 9. a3 h6 10. Qe2 Nbd7 11. Ne4 Qc7 12. Bd2 O-O 13. Rae1 a5 14. Ng3 Bh7 15.
Bxe6 Rfe8 16. Bxd7 Nxd7 17. Qd1 Bf6 18. Qc1 Nc5 19. Rxe8+ Rxe8 20. Re1 Rd8 21.
Nh5 Bxd3 22. Nxf6+ gxf6 23. b4 1-0